Library Banner

Christian ethics: a historical & systematic analysis of Its dominant ideas/ (Record no. 94862)

MARC details
000 -LEADER
fixed length control field 00450nam a22001457a 4500
005 - DATE AND TIME OF LATEST TRANSACTION
control field 20180228125938.0
008 - FIXED-LENGTH DATA ELEMENTS--GENERAL INFORMATION
fixed length control field 170705b xxu||||| |||| 00| 0 eng d
040 ## - CATALOGING SOURCE
Transcribing agency PK-LaUMT
082 ## - DEWEY DECIMAL CLASSIFICATION NUMBER
Classification number ZIAC 241
Item number ISM-C
100 ## - MAIN ENTRY--PERSONAL NAME
Personal name Isma'il Ragi A. Al Faruqi
245 ## - TITLE STATEMENT
Title Christian ethics: a historical & systematic analysis of Its dominant ideas/
Statement of responsibility, etc Isma'il Ragi A. Al Faruqi
260 ## - PUBLICATION, DISTRIBUTION, ETC. (IMPRINT)
Place of publication, distribution, etc Montreal :
Name of publisher, distributor, etc McGill university
Date of publication, distribution, etc 1967
300 ## - PHYSICAL DESCRIPTION
Extent 333 p.
942 ## - ADDED ENTRY ELEMENTS (KOHA)
Koha item type Books
Holdings
Withdrawn status Lost status Damaged status Home library Current library Date acquired Full call number Barcode Date last seen Price effective from Koha item type
      UMT Main Campus UMT Main Campus 2017-07-05 ZIAC 241 ISM-C 110526 2017-07-05 2017-07-05 Books